[Event "Kieler Open 2021"]
[Site "Kiel"]
[Date "2021.07.25"]
[Round "4.21"]
[White "Peglau, Sarah"]
[Black "Riechenberg, Sebastia"]
[Result "1-0"]
[WhiteElo "1888"]
[BlackElo "985"]
[Annotator "HJH"]
[PlyCount "103"]
[EventDate "2021.??.??"]

{0} 1. c4 e6 2. d4 d5 3. Nc3 Nf6 4. Nf3 Be7 5. Bf4 c6 6. e3 O-O 7. h3 dxc4 8.
Bxc4 Nd5 9. Bh2 Nd7 10. a3 N7b6 11. Bd3 Nxc3 12. bxc3 Nd5 13. Qc2 h6 14. O-O
Bd6 15. c4 Bxh2+ 16. Kxh2 Nf6 17. Rab1 c5 18. Rfd1 cxd4 {(=)} 19. exd4 b6 20.
Qe2 Bb7 21. Kg1 Kh8 22. Bc2 Bxf3 23. Qxf3 Qc7 24. Rbc1 Rac8 25. Bb3 Rfd8 26. d5
exd5 27. cxd5 Qd6 28. Rc6 Qe7 29. d6 Qd7 30. Ba4 Rxc6 31. Bxc6 Qe6 32. Qf4 Qc8
33. Rc1 Qb8 34. Rd1 Qc8 35. Qa4 Qb8 36. d7 Qc7 37. Qb5 a6 38. Qa4 Kg8 39. g4 b5
40. Qxa6 Nxd7 41. Qxb5 Nf6 42. Rxd8+ Qxd8 43. a4 Qd1+ 44. Qf1 Qd4 45. a5 Qc5
46. Qb5 Qc1+ 47. Kg2 Qf4 48. Qf5 Qc4 49. Bb7 Qd4 50. a6 g6 51. Qf3 Nd7 52. Qe3
1-0

[Event "Kieler Open 2021"]
[Site "Kiel"]
[Date "2021.07.25"]
[Round "4.22"]
[White "Kosanke, Stefan"]
[Black "Sauer, Tim"]
[Result "1/2-1/2"]
[WhiteElo "2033"]
[BlackElo "1767"]
[Annotator "HJH"]
[PlyCount "80"]
[EventDate "2021.??.??"]

1. d4 Nf6 2. c4 g6 3. Nc3 Bg7 4. e4 O-O 5. Nf3 d6 6. Be2 e5 7. dxe5 dxe5 8.
Qxd8 Rxd8 9. Bg5 Re8 10. O-O-O Bg4 11. Rd3 Na6 12. Be3 c6 13. Rhd1 Bf8 14. h3
Bxf3 15. Bxf3 h6 16. g3 Kg7 17. Bg2 Bc5 18. Bxc5 Nxc5 19. R3d2 a5 20. f3 a4 21.
h4 g5 22. Bh3 Kf8 23. Kc2 Ke7 24. Ne2 Red8 25. Nc1 g4 26. Bxg4 Nxg4 27. fxg4
Nxe4 28. Rxd8 Rxd8 29. Rxd8 Kxd8 30. Ne2 b5 31. cxb5 cxb5 32. Kd3 Nf2+ 33. Ke3
Nxg4+ 34. Ke4 Ke7 35. Kf5 Ne3+ 36. Kxe5 Nc4+ 37. Kf5 Nxb2 38. Nd4 Nd3 39. Nxb5
Nb4 40. a3 Nc2 1/2-1/2

[Event "Kieler Open 2021"]
[Site "Kiel"]
[Date "2021.07.25"]
[Round "4.23"]
[White "Malinowsky, Levi"]
[Black "Schmidt, Peter"]
[Result "1-0"]
[WhiteElo "1593"]
[BlackElo "1913"]
[Annotator "HJH"]
[PlyCount "117"]
[EventDate "2021.??.??"]

{0} 1. e4 e5 2. Nf3 Nc6 3. Bb5 a6 4. Bxc6 dxc6 5. O-O Bg4 6. h3 Bh5 7. g4 Bg6
8. Nxe5 Qh4 9. Qf3 f6 10. Nxg6 hxg6 11. Kg2 g5 12. d4 Ne7 13. Nc3 O-O-O 14. Be3
Ng6 15. Rh1 Qh7 16. Qd1 Bd6 17. f3 {(=)} Qg8 18. Qd3 Rh6 19. Ne2 Qh7 20. Ng3
Rh8 21. Nh5 Bf4 22. Bf2 Bh2 23. Bg3 Bxg3 24. Kxg3 Nf4 25. Nxf4 gxf4+ 26. Kxf4
Rxh3 27. Rxh3 Qxh3 28. Ke3 Qh6+ 29. Ke2 Qh2+ 30. Ke3 g5 31. Rf1 Qf4+ 32. Ke2
Rh2+ 33. Rf2 Rh1 34. Qd2 Qg3 35. Kd3 Qd6 36. c3 c5 37. Kc2 c4 38. Qe2 Qc6 39.
Rf1 Rh3 40. Re1 b5 41. Qg2 Rh7 42. Rh1 Rd7 43. Qf2 b4 44. cxb4 Qa4+ 45. Kb1
Qxb4 46. Rc1 c3 {(=)} 47. Rxc3 Rxd4 48. a3 Qd6 49. Qc2 Rd1+ 50. Ka2 Qe6+ 51. b3
Qd6 52. Rxc7+ Kb8 53. Rc6 Qd7 54. Rc8+ Kb7 55. Rc7+ Qxc7 56. Qxd1 Qh2+ 57. Kb1
Qe5 58. Qd5+ Qxd5 59. exd5 1-0

[Event "Kieler Open 2021"]
[Site "Kiel"]
[Date "2021.07.25"]
[Round "4.24"]
[White "Wartenberg, Alissa"]
[Black "Strätker, Sebastian"]
[Result "1-0"]
[WhiteElo "1562"]
[BlackElo "1887"]
[Annotator "HJH"]
[PlyCount "41"]
[EventDate "2021.??.??"]

{0} 1. e4 e5 2. Nf3 d6 3. d4 Nf6 4. Nc3 Nbd7 5. Bg5 Be7 6. Qd2 O-O 7. O-O-O c6
8. h4 b5 9. Bxf6 Bxf6 10. g4 b4 11. Ne2 a5 12. g5 Be7 13. h5 exd4 14. h6 g6 15.
Qxd4 Bxg5+ 16. Kb1 Bf6 17. Qxd6 Qe7 18. Bh3 Qxe4 $4 19. Bxd7 Qxf3 20. Bxc6 Be7
21. Bxf3 1-0

[Event "Kieler Open 2021"]
[Site "Kiel"]
[Date "2021.07.25"]
[Round "4.25"]
[White "Lu, Siyuan"]
[Black "Gibhardt, Peter"]
[Result "1-0"]
[WhiteElo "1876"]
[BlackElo "1754"]
[Annotator "HJH"]
[PlyCount "41"]
[EventDate "2021.??.??"]

{0} 1. e4 c5 2. c3 Nc6 3. d4 cxd4 4. cxd4 e6 5. Nc3 Bb4 6. Nf3 Nf6 7. Bd3 Qb6
8. Be3 Ng4 9. O-O Nxe3 10. fxe3 O-O 11. Qe1 f5 12. exf5 exf5 13. Ng5 h6 14. Nh3
Bxc3 15. bxc3 d5 16. Nf4 Ne7 17. c4 dxc4 18. Bxc4+ Kh7 19. Rb1 Qc6 20. Qb4 Ng6
21. Nxg6 1-0

[Event "Kieler Open 2021"]
[Site "Kiel"]
[Date "2021.07.25"]
[Round "4.26"]
[White "Peglau, Markus"]
[Black "Ahrens, Jan"]
[Result "1/2-1/2"]
[WhiteElo "1836"]
[BlackElo "1724"]
[Annotator "HJH"]
[PlyCount "69"]
[EventDate "2021.??.??"]

1. Nf3 d5 2. d4 Bg4 3. Bf4 e6 4. e3 Bd6 5. Bg3 Bxg3 6. hxg3 Qd6 7. Qd2 Nd7 8.
Na3 Bxf3 9. gxf3 f5 10. c4 c6 11. Bd3 Ngf6 12. Nc2 a6 13. b4 b5 14. c5 Qc7 15.
a4 O-O 16. Ke2 g6 17. f4 Ne4 18. Bxe4 dxe4 19. Ra3 Ra7 20. Rha1 Rfa8 21. R1a2
Nf6 22. Qe1 Nd5 23. Qa1 Qb7 24. f3 exf3+ 25. Kxf3 Kf7 26. Qh1 Kg7 27. Rb2 a5
28. axb5 Qxb5 29. Qb1 axb4 30. Rab3 Qc4 31. Nxb4 Nxb4 32. Rxb4 Qd5+ 33. Kf2 Kf6
34. Rb7 Ra1 35. Qd3 (35. Qd3 Qh1) 1/2-1/2

[Event "Kieler Open 2021"]
[Site "Kiel"]
[Date "2021.07.25"]
[Round "4.27"]
[White "Olde, Henning"]
[Black "Tran, Minh Dat"]
[Result "1-0"]
[WhiteElo "1832"]
[BlackElo "1611"]
[Annotator "HJH"]
[PlyCount "57"]
[EventDate "2021.??.??"]

{0} 1. f4 g6 2. Nf3 Bg7 3. e3 d6 4. c3 Nc6 5. Bc4 e5 6. O-O Nge7 7. fxe5 O-O 8.
exd6 Qxd6 9. d4 Bg4 10. Qe2 Bxf3 11. Rxf3 Nf5 12. Nd2 Rae8 13. Nf1 a6 14. Qf2
b5 15. Bb3 Na5 16. Bc2 Ne7 17. e4 b4 18. Bf4 Qb6 19. Rb1 Nb7 20. Bb3 Na5 21.
Bc2 Nb7 22. Be3 Nd6 23. Qh4 Nc4 24. Bb3 Nxe3 25. Nxe3 Nc8 26. Rbf1 Re7 27. Nd5
Bxd4+ 28. cxd4 Qxd4+ 29. Kh1 1-0

[Event "Kieler Open 2021"]
[Site "Kiel"]
[Date "2021.07.25"]
[Round "4.28"]
[White "Serrer, David"]
[Black "Hentrop, Malte"]
[Result "0-1"]
[WhiteElo "1551"]
[BlackElo "1805"]
[Annotator "HJH"]
[PlyCount "66"]
[EventDate "2021.??.??"]

{0} 1. e4 e5 2. Nf3 Nc6 3. Bc4 Bc5 4. c3 Nf6 5. d4 exd4 6. e5 d5 7. Bb5 Ne4 8.
cxd4 Bb4+ 9. Bd2 Bxd2+ 10. Nbxd2 O-O 11. Bxc6 bxc6 12. Rc1 f6 13. O-O Bg4 14.
Qc2 Nxd2 15. Nxd2 fxe5 16. dxe5 Qg5 17. Rfe1 Bh3 18. g3 Rae8 19. Qc3 Rf5 20.
Qxc6 Rfxe5 21. Rxe5 Qxe5 22. Nf3 Qe4 23. Qc3 Rf8 24. Ne1 Qe2 25. Nd3 Qf3 26.
Nf4 Rxf4 27. Qxf3 Rxf3 28. Rxc7 Rf7 29. Rc2 d4 30. Rd2 Rc7 31. f4 Rd7 32. b4
Kf7 33. a4 Ke6 0-1

[Event "Kieler Open 2021"]
[Site "Kiel"]
[Date "2021.07.25"]
[Round "4.29"]
[White "Nittel, Christian"]
[Black "Weihrauch, Sebastian"]
[Result "1-0"]
[WhiteElo "1795"]
[BlackElo "1591"]
[Annotator "HJH"]
[PlyCount "31"]
[EventDate "2021.??.??"]

{0} 1. d4 d5 2. Nf3 Nf6 3. e3 e6 4. Bd3 c5 5. c3 Nc6 6. O-O Bd6 7. dxc5 Bxc5 8.
Nbd2 O-O 9. e4 dxe4 10. Nxe4 Nxe4 11. Bxe4 Qc7 12. Qe2 h6 13. Rd1 Bd7 14. Bxh6
f5 15. Bxc6 Qxc6 16. Ne5 1-0

[Event "Kieler Open 2021"]
[Site "Kiel"]
[Date "2021.07.25"]
[Round "4.30"]
[White "Gut, Lionel"]
[Black "Pennekamp, Christoph"]
[Result "1-0"]
[WhiteElo "1767"]
[BlackElo "1541"]
[Annotator "HJH"]
[PlyCount "39"]
[EventDate "2021.??.??"]

{0} 1. d4 Nf6 2. c4 g6 3. Nc3 Bg7 4. e4 d6 5. Be2 O-O 6. Be3 e5 7. d5 Na6 8. g4
c6 9. h4 h6 10. g5 Ne8 11. gxh6 Bh8 12. h5 g5 13. Bg4 f5 14. Bxf5 Bxf5 15. exf5
Rxf5 16. Qg4 Qf6 17. Ne4 Qf8 18. Nxg5 Rxg5 19. Qxg5+ Kh7 20. Qg6# 1-0

[Event "Kieler Open 2021"]
[Site "Kiel"]
[Date "2021.07.25"]
[Round "4.31"]
[White "Heutling, Elina"]
[Black "Wartenberg, Alexander"]
[Result "1-0"]
[WhiteElo "1919"]
[BlackElo "1424"]
[Annotator "HJH"]
[PlyCount "27"]
[EventDate "2021.??.??"]

{0} 1. e4 e5 2. Nf3 Nf6 3. d4 Nxe4 4. dxe5 Bc5 5. Qd5 Nxf2 6. Qxc5 Nxh1 7. Bg5
f6 8. exf6 gxf6 9. Qd4 Qe7+ 10. Be2 Nc6 11. Qxf6 Qxf6 12. Bxf6 O-O 13. Bc4+ Rf7
14. Ng5 1-0

[Event "Kieler Open 2021"]
[Site "Kiel"]
[Date "2021.07.25"]
[Round "4.32"]
[White "Rohmann, Volker"]
[Black "Peglau, Paul David"]
[Result "1-0"]
[WhiteElo "1766"]
[BlackElo "1365"]
[Annotator "HJH"]
[PlyCount "37"]
[EventDate "2021.??.??"]

{0} 1. e4 e6 2. d4 d5 3. e5 c5 4. c3 Nc6 5. Nf3 Bd7 6. a3 Rc8 7. Be3 Qb6 8. b4
cxd4 9. cxd4 Nge7 10. Nbd2 Nf5 11. Nb3 Qd8 12. Bd3 Nce7 13. O-O g6 14. Qd2 Bg7
15. Bf4 O-O 16. g4 Nxd4 17. Nbxd4 f5 18. g5 Nc6 19. Nxc6 1-0

[Event "Kieler Open 2021"]
[Site "Kiel"]
[Date "2021.07.25"]
[Round "4.33"]
[White "Wartenberg, Julian"]
[Black "von Lossow, Marcus"]
[Result "1/2-1/2"]
[WhiteElo "1408"]
[BlackElo "1697"]
[Annotator "HJH"]
[PlyCount "118"]
[EventDate "2021.??.??"]

1. c4 c5 2. g3 g6 3. Bg2 Bg7 4. Nc3 Nf6 5. d3 Nc6 6. e3 e5 7. Nge2 O-O 8. O-O
Rb8 9. Rb1 Ne7 10. e4 b6 11. h3 Nc6 12. f4 d6 13. Be3 Nd4 14. Qd2 a6 15. fxe5
dxe5 16. Bg5 Qd6 17. Nxd4 exd4 18. Ne2 Nd7 19. Kh2 Ne5 20. Bf4 f5 21. Rf2 fxe4
22. Bxe4 Bb7 23. Bxb7 Rxb7 24. Rbf1 Rbf7 25. Kg1 Qe6 26. Kg2 Qc6+ 27. Kg1 Qd7
28. Kg2 Qf5 29. Nc1 Qd7 30. Bxe5 Bxe5 31. Rxf7 Rxf7 32. Rxf7 Qxf7 33. Qg5 Qb7+
34. Kf2 Qf7+ 35. Kg2 Bf6 36. Qf4 Qb7+ 37. Qf3 Qe7 38. Ne2 Kg7 39. a4 Qd7 40. b3
b5 41. axb5 axb5 42. Nf4 bxc4 43. bxc4 Qd6 44. Qd5 Be5 45. Qxd6 Bxd6 46. Kf3
Kf6 47. g4 Kg5 48. Ne2 Kh4 49. Kg2 Kg5 50. Kf3 h5 51. gxh5 Kxh5 52. Ng1 Kh4 53.
Kg2 Kg5 54. Kf3 {(=)} Bh2 55. Ne2 Kf5 56. Kg2 Bf4 57. Kf3 Be3 58. Kg3 Ke5 59.
Kf3 Bg5 1/2-1/2

[Event "Kieler Open 2021"]
[Site "Kiel"]
[Date "2021.07.25"]
[Round "4.34"]
[White "Weber, Andreas"]
[Black "Farokhi, Darian"]
[Result "1-0"]
[WhiteElo "1696"]
[BlackElo "1182"]
[Annotator "HJH"]
[PlyCount "63"]
[EventDate "2021.??.??"]

{0} 1. Nf3 Nf6 2. g3 d5 3. Bg2 e6 4. O-O Be7 5. d3 O-O 6. Nbd2 c5 7. e4 Nc6 8.
Re1 b5 9. c3 a6 10. e5 Nd7 11. Nf1 a5 12. h4 c4 13. d4 b4 14. N1h2 Ba6 15. Ng5
h6 16. Nh3 Bb5 17. Nf4 a4 18. a3 bxa3 19. bxa3 Na5 20. Ra2 Nb3 21. Be3 Qa5 22.
Qc2 Bc6 23. Bh3 Rae8 24. Nf3 Bd8 25. g4 Re7 26. g5 hxg5 27. Nxg5 g6 28. Nxg6
fxg6 29. Qxg6+ Kh8 30. Qh6+ Kg8 31. Bxe6+ Ref7 32. Qh7# 1-0

[Event "Kieler Open 2021"]
[Site "Kiel"]
[Date "2021.07.25"]
[Round "4.35"]
[White "Möller, Rainer"]
[Black "Kathage, Holger"]
[Result "0-1"]
[WhiteElo "1365"]
[BlackElo "1665"]
[Annotator "HJH"]
[PlyCount "60"]
[EventDate "2021.??.??"]

{0} 1. e4 c5 2. Nf3 e6 3. d4 cxd4 4. Nxd4 Nf6 5. Nc3 d6 6. Bb5+ Bd7 7. Bxd7+
Nbxd7 8. O-O a6 9. Re1 Rc8 10. Bg5 Be7 11. Qf3 Qb6 12. Rab1 Qxd4 13. Be3 Qc4
14. a3 Ne5 15. Qd1 O-O 16. Bg5 Rfd8 17. f4 Qc5+ 18. Kh1 Neg4 19. Bh4 Nf2+ 20.
Bxf2 Qxf2 21. Rf1 Qc5 22. Qf3 b5 23. Rbe1 d5 24. e5 Ne8 25. f5 Qc6 26. f6 Nxf6
27. exf6 Bxf6 28. Qg4 Bxc3 29. bxc3 Qxc3 30. Rf2 Qxe1+ 0-1

[Event "Kieler Open 2021"]
[Site "Kiel"]
[Date "2021.07.25"]
[Round "4.36"]
[White "Scheid, Lennart"]
[Black "Sauer, Andreas"]
[Result "1-0"]
[WhiteElo "1647"]
[BlackElo "1180"]
[Annotator "HJH"]
[PlyCount "85"]
[EventDate "2021.??.??"]

{0} 1. d4 d5 2. Bf4 Bf5 3. c3 Nf6 4. Qb3 b6 5. e3 e6 6. Bb5+ c6 7. Bxb8 cxb5 8.
Qxb5+ Nd7 9. Bg3 a6 10. Qe2 Be7 11. Nf3 O-O 12. Nbd2 b5 13. a3 Rc8 14. O-O Re8
15. Ne5 Nxe5 16. Bxe5 Bd6 17. Bxd6 Qxd6 18. Nb3 e5 19. Qf3 Qg6 20. Rfe1 h5 21.
Qg3 Re6 22. Nc5 Qxg3 23. hxg3 Rh6 24. a4 h4 25. gxh4 Rxh4 26. Nxa6 Rc6 27. axb5
Rch6 28. f3 Rh1+ 29. Kf2 R1h2 30. Re2 Rg6 31. Rg1 Kh7 32. Nb4 Rb6 33. Nxd5 Rxb5
34. c4 Rb3 35. dxe5 Be6 36. e4 g5 37. c5 Kh6 38. c6 g4 39. Ne3 gxf3 40. Kxf3
Kg5 41. Kf2 Kf4 42. Nd5+ Kxe5 43. c7 1-0

[Event "Kieler Open 2021"]
[Site "Kiel"]
[Date "2021.07.25"]
[Round "4.37"]
[White "Beerbaum, Philipp"]
[Black "Zielke, Bernd"]
[Result "1/2-1/2"]
[WhiteElo "1360"]
[BlackElo "1647"]
[Annotator "HJH"]
[PlyCount "119"]
[EventDate "2021.??.??"]

1. c4 e6 2. g3 Nf6 3. Bg2 c5 4. Nf3 Be7 5. O-O O-O 6. b3 Nc6 7. Bb2 d6 8. e3
Rb8 9. d4 cxd4 10. exd4 d5 11. Nbd2 b6 12. Ne5 Bb7 13. Ndf3 dxc4 14. bxc4 Nxe5
15. Nxe5 Bxg2 16. Kxg2 Qc7 17. Qe2 Rfd8 18. Rfd1 Qb7+ 19. Kg1 Rbc8 20. Rac1 Rc7
21. Rc2 Qc8 22. h3 Ne8 23. Qh5 Bf6 24. Rdc1 g6 25. Qe2 Bxe5 26. Qxe5 f6 27. Qe3
Qd7 28. Re2 Ng7 29. g4 Qf7 30. a3 Re8 31. c5 bxc5 32. dxc5 e5 33. Rd2 Ne6 34.
Rdc2 Rc6 35. a4 Kg7 36. Qe4 Qc7 37. Ba3 Rd8 38. Qe3 Qd7 39. Rc4 Qd5 40. Qe4
Qxe4 41. Rxe4 Rd4 42. Rxd4 Nxd4 43. Kf1 Kf7 44. Rb1 Ne6 45. Rb7+ Rc7 46. c6 Ke8
47. Bc5 Kd8 48. Rb8+ Rc8 49. Bxa7 Rxb8 50. Bxb8 Kc8 51. Bd6 Nd4 52. Be7 f5 53.
gxf5 gxf5 54. Bc5 Nxc6 55. Ke2 Kc7 56. Kd3 Nb8 57. Kc4 Kc6 58. a5 Na6 59. Bb6
Nb8 60. Bd8 1/2-1/2

[Event "Kieler Open 2021"]
[Site "Kiel"]
[Date "2021.07.25"]
[Round "4.38"]
[White "Klein, Edmund"]
[Black "Chitsazian, Daniel"]
[Result "1-0"]
[WhiteElo "1636"]
[BlackElo "1142"]
[Annotator "HJH"]
[PlyCount "79"]
[EventDate "2021.??.??"]

{0} 1. e4 c5 2. Nc3 Nc6 3. f4 e6 4. Nf3 d5 5. exd5 exd5 6. Bb5 a6 7. Bxc6+ bxc6
8. O-O Nf6 9. Re1+ Be7 10. Qe2 Ra7 11. Qf2 O-O 12. d3 Bd6 13. Bd2 Bd7 14. Ne5
d4 15. Nxd7 Qxd7 16. Ne4 Ng4 17. Qg3 f5 18. Nxd6 Qxd6 19. h3 Nf6 20. Re2 Nh5
21. Qh4 Qh6 22. Rae1 Rf6 23. Re5 Rb7 24. b3 Rd7 25. g4 Nxf4 26. Qxh6 Rxh6 27.
Bxf4 Rxh3 28. Rxf5 g6 29. Rxc5 Rh4 30. Bg3 Rxg4 31. Kh2 Rd5 32. Rxd5 cxd5 33.
Re5 h5 34. Rxd5 Kf7 35. Bf2 Rf4 36. Bxd4 Ke6 37. Rd8 Ke7 38. Bb6 Rb4 39. Bc5+
Kxd8 40. Bxb4 1-0

[Event "Kieler Open 2021"]
[Site "Kiel"]
[Date "2021.07.25"]
[Round "4.39"]
[White "Tran, Hanna Emilie Ma"]
[Black "Diederichs, Karl"]
[Result "0-1"]
[WhiteElo "984"]
[BlackElo "1620"]
[Annotator "HJH"]
[PlyCount "56"]
[EventDate "2021.??.??"]

{0} 1. e4 e6 2. d4 d5 3. Nc3 dxe4 4. Nxe4 Nd7 5. Bd3 Ngf6 6. Bg5 Be7 7. Ng3 b6
8. Nf3 Bb7 9. Qe2 a6 10. Bxf6 Nxf6 11. Ne4 Nd5 12. c3 Nf4 13. Qf1 c5 14. g3
Nxd3+ 15. Qxd3 Qd5 16. Nfd2 f5 17. f3 fxe4 18. fxe4 Qh5 19. Nc4 O-O 20. Nxb6
Rf3 21. Qc4 Re3+ 22. Kd2 Bg5 23. Qxe6+ Kh8 24. Kc2 Bxe4+ 25. Kb3 Bc2+ 26. Kxc2
Rxe6 27. Nxa8 Qe2+ 28. Kb1 Qd3# 0-1

[Event "Kieler Open 2021"]
[Site "Kiel"]
[Date "2021.07.25"]
[Round "4.41"]
[White "Wang, Kaiwen"]
[Black "Maas, Kolja"]
[Result "0-1"]
[WhiteElo "1068"]
[BlackElo "1559"]
[Annotator "HJH"]
[PlyCount "136"]
[EventDate "2021.??.??"]

{0} 1. e4 e5 2. Nf3 Nf6 3. Nxe5 d6 4. Nf3 Nxe4 5. d4 d5 6. c4 Bb4+ 7. Nbd2 O-O
8. Be2 Nc6 9. O-O Nxd2 10. Bxd2 Bxd2 11. Qxd2 Bg4 12. Rac1 dxc4 13. Rxc4 Qd5
14. b3 Rad8 15. Qf4 Qe6 16. Bd1 Qd7 17. d5 Qxd5 18. Qxg4 Qxd1 19. Qe4 Qd5 20.
Qc2 Qd3 21. Qb2 Rfe8 22. Qa1 Rd5 23. Rg4 Ne5 24. Nxe5 Rdxe5 25. f4 Qe3+ 26. Kh1
Qe2 27. Rg3 Qxf1+ 28. Qxf1 Re1 29. Kg1 Rxf1+ 30. Kxf1 Kf8 31. Rh3 h6 32. Rd3
Re6 33. Rd8+ Ke7 34. Rc8 Rc6 35. Kf2 g5 36. Kf3 Rc3+ 37. Kg4 Kf6 38. fxg5+ hxg5
39. Rh8 Rc2 40. g3 Rd2 41. Rc8 c6 42. Rc7 Rd4+ 43. Kf3 Rb4 44. h3 Ke6 45. Rc8
f6 46. Re8+ Kf5 47. Re3 a5 48. Rd3 a4 49. g4+ Ke5 50. Re3+ Kd5 51. Rd3+ Rd4 52.
Rc3 b5 53. Ke3 c5 54. Rd3 Rxd3+ 55. Kxd3 axb3 56. axb3 c4+ 57. bxc4+ bxc4+ 58.
Kc3 Kc5 59. Kc2 Kd4 60. Kd2 c3+ 61. Kc2 Kc4 62. Kc1 Kd3 63. Kd1 c2+ 64. Kc1 Kc3
65. h4 gxh4 66. g5 h3 67. g6 h2 68. g7 h1=Q# 0-1

[Event "Kieler Open 2021"]
[Site "Kiel"]
[Date "2021.07.25"]
[Round "4.48"]
[White "Hock, Reiner"]
[Black "Langbein, Wolfgang"]
[Result "1/2-1/2"]
[WhiteElo "998"]
[BlackElo "1353"]
[Annotator "HJH"]
[PlyCount "44"]
[EventDate "2021.??.??"]

1. d4 e6 2. e3 Nf6 3. Bd3 d5 4. f4 b6 5. Nf3 Bd6 6. O-O Bb7 7. Nbd2 Nbd7 8. Ne5
O-O 9. Ndf3 Bxe5 10. Nxe5 c5 11. c3 c4 12. Bc2 Ne4 13. Bxe4 dxe4 14. Nxc4 Nf6
15. Bd2 Rc8 16. Ne5 Nd7 17. Qb3 Nxe5 18. fxe5 Ba6 19. Rf4 Bd3 20. Be1 a5 21.
Qd1 f6 22. Qh5 f5 1/2-1/2

[Event "Kieler Open 2021"]
[Site "Kiel"]
[Date "2021.07.26"]
[Round "5.1"]
[White "Mitscherling, Andreas"]
[Black "Buchholz, Sebastian"]
[Result "1/2-1/2"]
[WhiteElo "2185"]
[BlackElo "2151"]
[Annotator "MB"]
[PlyCount "72"]
[EventDate "2021.??.??"]

1. d4 Nf6 2. Nf3 d6 3. g3 g6 4. Bg2 Bg7 5. O-O O-O 6. c4 c6 7. Nc3 Bf5 8. Nh4
Be6 9. d5 cxd5 10. cxd5 Bg4 11. h3 Bd7 12. e4 b5 13. a3 a5 14. Qe2 Qe8 15. f4
Na6 16. e5 Nh5 17. Kh2 b4 18. axb4 axb4 19. Rxa6 Rxa6 20. Qxa6 bxc3 21. Re1
dxe5 22. fxe5 Qb8 23. Qe2 Rc8 24. Nf3 f6 25. bxc3 Rxc3 26. Bb2 Rb3 27. Bd4 Qb4
28. Qf2 Rd3 29. Bc5 Qc3 30. e6 Be8 31. Bxe7 Rxd5 32. Qa7 Qc8 33. Bb4 Rb5 34.
Qe7 Rb7 35. Qd6 Qb8 36. Qxb8 Rxb8 1/2-1/2

[Event "Kieler Open 2021"]
[Site "Kiel"]
[Date "2021.07.26"]
[Round "5.2"]
[White "Weihrauch, Jakob"]
[Black "Arndt, Magnus"]
[Result "1/2-1/2"]
[WhiteElo "2137"]
[BlackElo "2338"]
[Annotator "MB"]
[PlyCount "55"]
[EventDate "2021.??.??"]

1. e4 e5 2. Nf3 Nc6 3. Bc4 Nf6 4. Ng5 d5 5. exd5 Na5 6. Bb5+ c6 7. dxc6 bxc6 8.
Bd3 Nd5 9. Nf3 Bd6 10. O-O Nf4 11. Nc3 Nxd3 12. cxd3 O-O 13. Ne4 c5 14. b3 Re8
15. Ba3 Bf8 16. Re1 Nc6 17. Nxc5 Bg4 18. Re4 f5 19. Rc4 Nd4 20. Bb2 Nxf3+ 21.
gxf3 Bh3 22. Kh1 Qd5 23. Rh4 Bg4 24. Ne4 Qd8 25. fxg4 Qxh4 26. gxf5 Qh3 27. f3
Kh8 28. Ng5 1/2-1/2

[Event "Kieler Open 2021"]
[Site "Kiel"]
[Date "2021.07.26"]
[Round "5.3"]
[White "Browning, Alex"]
[Black "Popvasilev, Kaloyan"]
[Result "1-0"]
[WhiteElo "2307"]
[BlackElo "2127"]
[Annotator "MB"]
[PlyCount "67"]
[EventDate "2021.??.??"]

1. Nf3 d5 2. g3 Nf6 3. Bg2 e6 4. O-O Nbd7 5. c4 dxc4 6. Qa4 a6 7. Qxc4 b5 8.
Qc2 Bb7 9. a4 c5 10. Nc3 Qb6 11. d3 Bd6 12. Qb3 b4 13. Nd1 Ne5 14. a5 Qb5 15.
Nxe5 Bxe5 16. Bxb7 Qxb7 17. Ne3 O-O 18. Nc4 Bc7 19. e4 Qb5 20. f3 Rfd8 21. Be3
Nd7 22. f4 Rac8 23. Rf3 Nf8 24. f5 Rd7 25. g4 Rcd8 26. Bg5 Re8 27. Re1 exf5 28.
gxf5 Rd4 29. Qc2 Nd7 30. Qg2 Rxc4 31. Bh6 g6 32. fxg6 fxg6 33. dxc4 Qxc4 34.
Qd2 1-0

[Event "Kieler Open 2021"]
[Site "Kiel"]
[Date "2021.07.26"]
[Round "5.4"]
[White "Gaerths, Ronny"]
[Black "Farokhi, Keyvan"]
[Result "1/2-1/2"]
[WhiteElo "2171"]
[BlackElo "2045"]
[Annotator "MB"]
[PlyCount "92"]
[EventDate "2021.??.??"]

1. d4 d5 2. Nf3 e6 3. g3 Nf6 4. Bg2 Be7 5. O-O O-O 6. c4 dxc4 7. Qc2 a6 8. a4
Bd7 9. Qxc4 Bc6 10. Bf4 Bd6 11. Nc3 Bxf4 12. gxf4 Nbd7 13. a5 Bxf3 14. Bxf3 c6
15. e3 Rc8 16. b4 Qe7 17. Na4 Ne8 18. Nc5 Nd6 19. Qb3 Nxc5 20. bxc5 Nb5 21. Kh1
Kh8 22. Rg1 f6 23. Qc2 e5 24. dxe5 fxe5 25. f5 Rcd8 26. Rg3 Qf6 27. Rag1 Rd7
28. Qc4 Qxf5 29. Qh4 Qf6 30. Qh3 Rdf7 31. Be4 Qh6 32. Qg4 Qf6 33. Qh5 Qh6 34.
Qxe5 Nc7 35. Bb1 Ne8 36. f4 Nf6 37. Qb2 Qh5 38. Qg2 Qd5 39. e4 Qxc5 40. Rg5 Qe7
41. e5 Ng8 42. Ba2 Nh6 43. Bxf7 Rxf7 44. Qe4 Qe6 45. Rh5 Rxf4 46. Qxf4 Qd5+
1/2-1/2

[Event "Kieler Open 2021"]
[Site "Kiel"]
[Date "2021.07.26"]
[Round "5.5"]
[White "Schalla, Dieter"]
[Black "Teske, Henrik"]
[Result "0-1"]
[WhiteElo "2043"]
[BlackElo "2470"]
[Annotator "MB"]
[PlyCount "52"]
[EventDate "2021.??.??"]

1. c4 b6 2. Nf3 Bb7 3. Nc3 c5 4. d4 cxd4 5. Nxd4 Nf6 6. Bf4 d6 7. Bg3 Nbd7 8.
e3 g6 9. Rc1 Bg7 10. Nf3 O-O 11. Be2 Nc5 12. O-O Rc8 13. Nd2 d5 14. b3 Qd7 15.
cxd5 Nxd5 16. Nxd5 Bxd5 17. Nc4 Qb7 18. Bf3 Ne4 19. Nd2 Rxc1 20. Qxc1 Rc8 21.
Qe1 Bc3 22. Bxe4 Bxe4 23. f3 Bd3 24. Rf2 Qd7 25. Qd1 Ba6 26. Qc2 Bxd2 0-1

[Event "Kieler Open 2021"]
[Site "Kiel"]
[Date "2021.07.26"]
[Round "5.6"]
[White "Spitzl, Vinzent"]
[Black "Krieglstein, Marcel"]
[Result "1-0"]
[WhiteElo "2346"]
[BlackElo "1962"]
[Annotator "MB"]
[PlyCount "106"]
[EventDate "2021.??.??"]

1. e4 d5 2. exd5 Qxd5 3. Nc3 Qa5 4. g3 Nf6 5. Bg2 c6 6. Nf3 Bg4 7. h3 Bh5 8.
O-O e6 9. d4 Nbd7 10. Bd2 Bb4 11. a3 Bxc3 12. Bxc3 Qc7 13. Bd2 Bxf3 14. Qxf3
O-O 15. c4 e5 16. dxe5 Qxe5 17. Bc3 Qc7 18. b4 Rfe8 19. Rfe1 Rxe1+ 20. Rxe1 Re8
21. Rxe8+ Nxe8 22. Qe3 Nd6 23. Qxa7 f6 24. Qe3 Kf7 25. Bf1 Nf5 26. Qe4 Nxg3 27.
Qxh7 Nxf1 28. Kxf1 Qf4 29. Qh5+ Kf8 30. Qg4 Qc1+ 31. Kg2 Qxc3 32. Qxd7 Qxc4 33.
Qc8+ Kf7 34. Qxb7+ Kg6 35. Qc7 Qe4+ 36. Kh2 Qe2 37. Qg3+ Kf7 38. h4 Qc4 39. h5
Qe6 40. Qf4 Qd5 41. Qg4 Qe5+ 42. Kh3 Qd5 43. f3 Qd1 44. Qc4+ Kf8 45. Qxc6 Qh1+
46. Kg4 Qg2+ 47. Kf5 Qh3+ 48. Kg6 Qg2+ 49. Kh7 Qh3 50. Qa8+ Ke7 51. Qe4+ Kd6
52. Qg4 Qh1 53. Kxg7 f5 1-0

[Event "Kieler Open 2021"]
[Site "Kiel"]
[Date "2021.07.26"]
[Round "5.7"]
[White "Hufendiek, Ekkehard"]
[Black "Dietz, Florian"]
[Result "0-1"]
[WhiteElo "1954"]
[BlackElo "2277"]
[Annotator "MB"]
[PlyCount "70"]
[EventDate "2021.??.??"]

1. e4 c5 2. Nf3 e6 3. g3 Nc6 4. Bg2 g6 5. d3 Bg7 6. O-O Nge7 7. Nbd2 O-O 8. Re1
d5 9. Nf1 b5 10. c3 Qc7 11. Qe2 Bb7 12. e5 d4 13. Bg5 dxc3 14. bxc3 b4 15. Rac1
Nd5 16. cxb4 cxb4 17. d4 Qb6 18. Qb2 h6 19. Be3 Rad8 20. N1d2 a5 21. Nc4 Qa7
22. Nd6 Nxe5 23. dxe5 Nxe3 24. Rxe3 Rxd6 25. Rc7 Qb6 26. Qc2 Rc6 27. Rxc6 Bxc6
28. Re1 Qb7 29. Nh4 Bd5 30. Qc5 g5 31. Bxd5 Qxd5 32. Qxd5 exd5 33. Ng2 d4 34.
f4 Rc8 35. Kf2 Rc2+ 0-1

[Event "Kieler Open 2021"]
[Site "Kiel"]
[Date "2021.07.26"]
[Round "5.8"]
[White "Bus, Tom"]
[Black "Basey, Matthew"]
[Result "1/2-1/2"]
[WhiteElo "2108"]
[BlackElo "1922"]
[Annotator "MB"]
[PlyCount "31"]
[EventDate "2021.??.??"]

1. Nf3 Nf6 2. g3 d5 3. Bg2 e6 4. O-O Be7 5. c4 O-O 6. d4 Nbd7 7. Qc2 c6 8. Rd1
b6 9. Nbd2 Bb7 10. b3 Rc8 11. e4 Qc7 12. Bb2 Rfd8 13. Rac1 Qb8 14. e5 Ne8 15.
h4 c5 16. Ba3 1/2-1/2